[Event "DVM U20 2015"]
[Site "Osnabrück GER"]
[Date "2015.12.28"]
[Round "3"]
[White "Müller, Constantin"]
[Black "Pluska, Alexander"]
[Result "1/2-1/2"]
[Termination "normal"]
[Board "2.2"]
[WhiteElo "2222"]
[BlackElo "2089"]
[WhiteTeam "SK München Südost"]
[BlackTeam "SK Doppelbauer Kiel"]
[PlyCount "80"]
[WhiteFideId "24697630"]
[BlackFideId "12975141"]
[EventCountry "GER"]
[EventRounds "7"]
[EventType "team-swiss"]
[EventDate "2015.12.26"]

1. d4 Nf6 2. c4 e6 3. g3 c5 4. d5 exd5 5. cxd5 d6 6. Nc3 g6 7. Bg2 Bg7 8. Nf3
O-O 9. O-O Re8 10. Nd2 Nbd7 11. a4 Rb8 12. h3 a6 13. Nc4 Ne5 14. Na3 Qc7 15. f4
Ned7 16. e4 c4 17. Be3 b5 18. axb5 Nxe4 19. Nxe4 f5 20. Bd4 Bxd4+ 21. Qxd4 fxe4
22. Nxc4 axb5 23. Ne3 Qc5 24. Rfd1 b4 25. Rac1 Qxd4 26. Rxd4 Nc5 27. Rcc4 b3
28. Bxe4 Bf5 29. Bxf5 Rxe3 30. Be6+ Kf8 31. Kf2 Rd3 32. f5 Rxd4 33. Rxd4 Ke7
34. fxg6 hxg6 35. Ke2 Rh8 36. h4 Rh5 37. Kd2 Re5 38. g4 Ne4+ 39. Kd3 Nc5+ 40.
Kd2 Ne4+ 1/2-1/2

[Event "DVM U20 2015"]
[Site "Osnabrück GER"]
[Date "2015.12.28"]
[Round "3"]
[White "Hopson, Kevin Mike"]
[Black "Leeb, Simon"]
[Result "1/2-1/2"]
[Termination "normal"]
[Board "2.3"]
[WhiteElo "1911"]
[BlackElo "2077"]
[WhiteTeam "SK Doppelbauer Kiel"]
[BlackTeam "SK München Südost"]
[PlyCount "124"]
[WhiteFideId "12909238"]
[BlackFideId "12924768"]
[EventCountry "GER"]
[EventRounds "7"]
[EventType "team-swiss"]
[EventDate "2015.12.26"]

1. e4 c5 2. Nf3 Nc6 3. d4 cxd4 4. Nxd4 Nf6 5. Nc3 e5 6. Ndb5 d6 7. Bg5 a6 8.
Na3 b5 9. Nd5 Be7 10. Bxf6 Bxf6 11. c4 b4 12. Nc2 a5 13. Qf3 Bg5 14. h4 Be7 15.
a3 bxa3 16. Qxa3 Rb8 17. g3 O-O 18. Rd1 Be6 19. Bh3 Kh8 20. Qc3 Qd7 21. Bg2
Rfc8 22. O-O a4 23. c5 Nd4 24. Nxd4 Bxd5 25. c6 Bxc6 26. Nxc6 Rxc6 27. Qxe5 Bf6
28. Qa5 Rcb6 29. e5 Rb5 30. Qxa4 Bxe5 31. Rd5 Qe8 32. Rxb5 Qxb5 33. b3 Qxb3 34.
Qxb3 Rxb3 35. Bd5 Rb2 36. Bxf7 Bd4 37. Kg2 g6 38. g4 Kg7 39. Bd5 Rd2 40. Bc6
Kf6 41. Kg3 Rd3+ 42. f3 Be5+ 43. Kf2 Bf4 44. Re1 h6 45. Be4 Rd4 46. h5 gxh5 47.
gxh5 d5 48. Bg6 Rd2+ 49. Re2 Rd1 50. Re8 Kg5 51. Bf7 d4 52. Rg8+ Kf6 53. Bc4
Rd2+ 54. Ke1 Rh2 55. Rd8 Be3 56. Rd5 Rc2 57. Bd3 Rb2 58. Be4 Rh2 59. Kf1 Ke6
60. Ke1 Bg5 61. Rxd4 Rxh5 62. Kf2 Bf6 1/2-1/2

[Event "DVM U20 2015"]
[Site "Osnabrück GER"]
[Date "2015.12.28"]
[Round "3"]
[White "Stadler, Andreas"]
[Black "Wanner, Lukas"]
[Result "1/2-1/2"]
[Termination "normal"]
[Board "2.4"]
[WhiteElo "1974"]
[BlackElo "2110"]
[WhiteTeam "SK München Südost"]
[BlackTeam "SK Doppelbauer Kiel"]
[PlyCount "78"]
[WhiteFideId "24697648"]
[BlackFideId "12918148"]
[EventCountry "GER"]
[EventRounds "7"]
[EventType "team-swiss"]
[EventDate "2015.12.26"]

1. c4 Nc6 2. Nc3 Nf6 3. g3 e5 4. Bg2 g6 5. e4 Bg7 6. Nge2 O-O 7. O-O d6 8. d3
Be6 9. h3 Qd7 10. Kh2 Ne8 11. f4 f5 12. Rb1 a5 13. Be3 Nf6 14. exf5 Bxf5 15. a3
Rfe8 16. Qd2 a4 17. Rbe1 h5 18. Qd1 Nd8 19. d4 Kh7 20. d5 Nf7 21. Qd2 Re7 22.
Ng1 Rae8 23. Nf3 Kg8 24. Nh4 exf4 25. Bxf4 Rxe1 26. Rxe1 Rxe1 27. Qxe1 g5 28.
Nxf5 Qxf5 29. Bc1 Ne5 30. Qf1 Qxf1 31. Bxf1 g4 32. Nxa4 Ne4 33. hxg4 hxg4 34.
Kg2 Nf3 35. Be2 Ne1+ 36. Kf1 Nf3 37. Kg2 Ne1+ 38. Kf1 Nf3 39. Kg2 Ne1+ 1/2-1/2

[Event "DVM U20 2015"]
[Site "Osnabrück GER"]
[Date "2015.12.28"]
[Round "3"]
[White "Mieck, Jale"]
[Black "Leeb, Jonas"]
[Result "1-0"]
[Termination "normal"]
[Board "2.5"]
[WhiteElo "1935"]
[BlackElo "1905"]
[WhiteTeam "SK Doppelbauer Kiel"]
[BlackTeam "SK München Südost"]
[PlyCount "75"]
[WhiteFideId "12936871"]
[BlackFideId "12924750"]
[EventCountry "GER"]
[EventRounds "7"]
[EventType "team-swiss"]
[EventDate "2015.12.26"]

1. e4 d6 2. d4 Nf6 3. Nc3 e5 4. Nge2 Nbd7 5. g3 Be7 6. Bg2 c6 7. a4 a5 8. O-O
O-O 9. h3 h6 10. Be3 Qc7 11. g4 Re8 12. Qd2 Bf8 13. Ng3 Nb6 14. b3 Bd7 15. Kh2
Rac8 16. f4 exd4 17. Bxd4 Nh7 18. Qf2 c5 19. Be3 Qd8 20. Nge2 Bc6 21. Rae1 Qc7
22. Nd5 Bxd5 23. exd5 Nf6 24. c4 Qd7 25. Ng3 g6 26. Bd2 Rxe1 27. Rxe1 Re8 28.
Bxa5 Rxe1 29. Qxe1 Nc8 30. Bc3 Bg7 31. Qa1 Qe7 32. Ne4 Nxe4 33. Bxg7 f5 34.
Bxh6 Kh7 35. Bxe4 fxe4 36. Bg5 Qe8 37. Qe1 e3 38. Qh4+ 1-0

[Event "DVM U20 2015"]
[Site "Osnabrück GER"]
[Date "2015.12.28"]
[Round "3"]
[White "Kieslich, Aaron"]
[Black "Friedrich, Wiede"]
[Result "1/2-1/2"]
[Termination "normal"]
[Board "3.1"]
[WhiteElo "2007"]
[BlackElo "2222"]
[WhiteTeam "TuS Coswig 1920"]
[BlackTeam "USV Potsdam"]
[PlyCount "149"]
[WhiteFideId "1270391"]
[BlackFideId "24629537"]
[EventCountry "GER"]
[EventRounds "7"]
[EventType "team-swiss"]
[EventDate "2015.12.26"]

1. d4 Nf6 2. c4 e6 3. Nc3 Bb4 4. e3 b6 5. Nge2 Ba6 6. a3 Be7 7. Nf4 Bb7 8. f3
d6 9. d5 g5 10. Nfe2 g4 11. fxg4 Nxg4 12. Nf4 Ne5 13. dxe6 Bh4+ 14. Kd2 Na6 15.
exf7+ Nxf7 16. Qg4 Nc5 17. Kc2 Bc8 18. Qh5 Qg5 19. Qxg5 Bxg5 20. e4 Bb7 21.
Nfd5 O-O-O 22. b4 Ne6 23. Bxg5 Nfxg5 24. h4 Nf7 25. g4 Bxd5 26. cxd5 Nd4+ 27.
Kd3 Nf3 28. Ke3 N3e5 29. Be2 h6 30. Nb5 a6 31. Nd4 b5 32. Raf1 Rh7 33. Rf6 Nd7
34. Rf2 Nfe5 35. Ne6 Rg8 36. Rg1 Nb6 37. Kd4 Ng6 38. h5 Ne5 39. Rf4 Nf7 40.
Rgf1 Ng5 41. Rf8+ Rxf8 42. Rxf8+ Kb7 43. Nxg5 hxg5 44. Rg8 Rf7 45. Rxg5 Rf2 46.
Ke3 Rh2 47. Rf5 c5 48. dxc6+ Kxc6 49. g5 Nc4+ 50. Bxc4 bxc4 51. Kd4 c3 52. Kxc3
Rxh5 53. g6 Rh3+ 54. Kd4 Rg3 55. Rf6 Kd7 56. Rf7+ Ke6 57. a4 Rxg6 58. Ra7 Rg1
59. Rxa6 Rd1+ 60. Kc3 Ke5 61. Kc2 Rd4 62. b5 Rxe4 63. a5 Kd5 64. b6 Kc6 65. Ra7
Rb4 66. Rc7+ Kb5 67. a6 Kxa6 68. Rd7 Rxb6 69. Kd3 Kb5 70. Rh7 Kc5 71. Rh4 Rb3+
72. Kd2 d5 73. Rg4 Rh3 74. Rf4 d4 75. Rf8 1/2-1/2

[Event "DVM U20 2015"]
[Site "Osnabrück GER"]
[Date "2015.12.28"]
[Round "3"]
[White "Eichstaedt, Mirko"]
[Black "Linnemann, Niklas"]
[Result "1-0"]
[Termination "normal"]
[Board "3.2"]
[WhiteElo "2197"]
[BlackElo "2029"]
[WhiteTeam "USV Potsdam"]
[BlackTeam "TuS Coswig 1920"]
[PlyCount "63"]
[WhiteFideId "24692310"]
[BlackFideId "24695645"]
[EventCountry "GER"]
[EventRounds "7"]
[EventType "team-swiss"]
[EventDate "2015.12.26"]

1. c4 Nf6 2. Nf3 g6 3. g3 Bg7 4. Bg2 O-O 5. O-O c5 6. d4 cxd4 7. Nxd4 Nc6 8.
Nc3 Nxd4 9. Qxd4 d6 10. Qd3 Bf5 11. e4 Be6 12. b3 Qd7 13. Re1 Ng4 14. f4 f5 15.
Be3 Nxe3 16. Qxe3 fxe4 17. Bxe4 Bf5 18. Rad1 Rae8 19. Nb5 a6 20. Nd4 e5 21.
fxe5 Rxe5 22. Nxf5 gxf5 23. Bd5+ Kh8 24. Qb6 Rb8 25. Rxe5 Bxe5 26. Rf1 Qg7 27.
Kh1 Qf6 28. Qa7 Rf8 29. Bxb7 h5 30. Be4 Bd4 31. Qd7 Rf7 32. Qe8+ 1-0

[Event "DVM U20 2015"]
[Site "Osnabrück GER"]
[Date "2015.12.28"]
[Round "3"]
[White "Hofmann, Rares"]
[Black "Cech, Tim"]
[Result "0-1"]
[Termination "normal"]
[Board "3.3"]
[WhiteElo "2030"]
[BlackElo "1879"]
[WhiteTeam "TuS Coswig 1920"]
[BlackTeam "USV Potsdam"]
[PlyCount "86"]
[WhiteFideId "12976440"]
[BlackFideId "1270258"]
[EventCountry "GER"]
[EventRounds "7"]
[EventType "team-swiss"]
[EventDate "2015.12.26"]

1. e4 e6 2. d4 d5 3. Nc3 Nf6 4. Bg5 Be7 5. e5 Nfd7 6. h4 h6 7. Bxe7 Qxe7 8. Qg4
O-O 9. Rh3 f5 10. Qg6 c5 11. O-O-O cxd4 12. Nce2 Nxe5 13. Qg3 Nbc6 14. Nxd4
Nxd4 15. Qxe5 Nc6 16. Qe1 Bd7 17. f4 Rfc8 18. a3 Rab8 19. Rc3 b5 20. b4 a5 21.
Rb3 axb4 22. axb4 Qf6 23. Rb2 Nd4 24. Qe3 Nc6 25. Qe1 Nd8 26. Nf3 Nf7 27. Nd4
Nd6 28. Nb3 Ne4 29. Rd3 Rc7 30. g3 Rbc8 31. Bg2 Rc4 32. Bxe4 fxe4 33. Re3 Be8
34. Nc5 Ra8 35. Kb1 Bg6 36. Nd7 Qd4 37. Ne5 Rxb4 38. c3 Rxb2+ 39. Kxb2 Qa4 40.
Nxg6 Qa2+ 41. Kc1 Qa1+ 42. Kc2 Ra2+ 43. Kb3 Qb2# 0-1

[Event "DVM U20 2015"]
[Site "Osnabrück GER"]
[Date "2015.12.28"]
[Round "3"]
[White "Werthmann, Nils"]
[Black "Merker, Konstantin"]
[Result "1-0"]
[Termination "normal"]
[Board "3.4"]
[WhiteElo "1943"]
[BlackElo "1801"]
[WhiteTeam "USV Potsdam"]
[BlackTeam "TuS Coswig 1920"]
[PlyCount "89"]
[WhiteFideId "1270257"]
[BlackFideId "12964239"]
[EventCountry "GER"]
[EventRounds "7"]
[EventType "team-swiss"]
[EventDate "2015.12.26"]

1. e4 d5 2. Nc3 Nf6 3. e5 Nfd7 4. e6 fxe6 5. d4 Nc6 6. Bf4 a6 7. Bd3 Nf6 8. Nf3
Nb4 9. O-O Nxd3 10. Qxd3 g6 11. Rfe1 Bg7 12. Ng5 O-O 13. Bg3 Nh5 14. Nxe6 Bxe6
15. Rxe6 Nxg3 16. hxg3 Qd7 17. Rae1 Rf7 18. Nd1 Rc8 19. Qe3 Re8 20. c3 Qa4 21.
a3 Kf8 22. Qd3 Qb3 23. g4 Qb5 24. Qe3 Qd7 25. f4 Rf6 26. f5 Rxe6 27. fxe6 Qd6
28. Qf3+ Bf6 29. g5 Kg7 30. gxf6+ exf6 31. Qe3 Re7 32. Nf2 b6 33. Ng4 g5 34.
Nh2 c5 35. Nf1 c4 36. Ng3 Kg6 37. Qf3 Qf4 38. Qxf4 gxf4 39. Nf1 h5 40. Kf2 a5
41. a4 f5 42. Kf3 Kg5 43. Nd2 h4 44. Nb1 h3 45. gxh3 1-0

[Event "DVM U20 2015"]
[Site "Osnabrück GER"]
[Date "2015.12.28"]
[Round "3"]
[White "von Koslowski, Utz"]
[Black "Ender, Paul Marius"]
[Result "1-0"]
[Termination "normal"]
[Board "3.5"]
[WhiteElo "1954"]
[BlackElo "1816"]
[WhiteTeam "TuS Coswig 1920"]
[BlackTeam "USV Potsdam"]
[PlyCount "67"]
[WhiteFideId "12964247"]
[BlackFideId "12936545"]
[EventCountry "GER"]
[EventRounds "7"]
[EventType "team-swiss"]
[EventDate "2015.12.26"]

1. Nf3 f5 2. d4 Nf6 3. c4 g6 4. Nc3 Bg7 5. g3 O-O 6. Bg2 d6 7. O-O Nc6 8. d5
Na5 9. Qa4 c6 10. Nd2 Bd7 11. Qc2 cxd5 12. cxd5 Rc8 13. Qd3 Qc7 14. Nb3 Nc4 15.
Rd1 b5 16. e3 b4 17. Ne2 Bb5 18. Nbd4 Qb7 19. Nxb5 Qxb5 20. Nd4 Qb7 21. Ne6
Rfe8 22. Nxg7 Kxg7 23. b3 Ne5 24. Qd2 a5 25. Bb2 Ned7 26. Rac1 Rxc1 27. Rxc1
Rc8 28. Rc6 Ne5 29. Bxe5 dxe5 30. Re6 e4 31. d6 Rd8 32. Qd4 Qd7 33. Qe5 Re8 34.
dxe7 1-0

[Event "DVM U20 2015"]
[Site "Osnabrück GER"]
[Date "2015.12.28"]
[Round "3"]
[White "Holtel, Jasper"]
[Black "Peng, Xiang-Tobias"]
[Result "1-0"]
[Termination "normal"]
[Board "4.1"]
[WhiteTitle "FM"]
[WhiteElo "2366"]
[BlackElo "2039"]
[WhiteTeam "SK Münster 32"]
[BlackTeam "Heilbronner SV"]
[PlyCount "187"]
[WhiteFideId "12956376"]
[BlackFideId "12964328"]
[EventCountry "GER"]
[EventRounds "7"]
[EventType "team-swiss"]
[EventDate "2015.12.26"]

1. c4 e5 2. g3 Nc6 3. Bg2 Nf6 4. d3 Bc5 5. Nf3 O-O 6. O-O d5 7. cxd5 Nxd5 8.
Nc3 Nxc3 9. bxc3 Bf5 10. Rb1 Rb8 11. Nd2 Qd7 12. Nc4 Bh3 13. Rb5 Bxg2 14. Kxg2
b6 15. Be3 Bxe3 16. Nxe3 a6 17. Rb2 Ne7 18. Qb3 Rbd8 19. Qc4 Qc6+ 20. f3 Qxc4
21. Nxc4 Nd5 22. Rc1 Rfe8 23. Kf2 f5 24. Ne3 g6 25. a4 Nxe3 26. Kxe3 Rd5 27.
Rb4 Kf7 28. Kd2 e4 29. fxe4 fxe4 30. d4 Rh5 31. h4 g5 32. hxg5 Rxg5 33. Rh1 Kg7
34. Rh3 Re6 35. Ke3 h5 36. Rc4 c6 37. Rb4 c5 38. Rb1 Kg6 39. Rd1 cxd4+ 40. cxd4
Ra5 41. d5 Re8 42. Rd4 b5 43. axb5 Ra3+ 44. Kf2 Rf8+ 45. Kg2 e3 46. Rf4 Rd8 47.
bxa6 Rxd5 48. Kf3 Re5 49. g4 Rxa6 50. gxh5+ Rxh5 51. Rxh5 Kxh5 52. Kxe3 Kg5 53.
Rd4 Kf5 54. Rd5+ Ke6 55. Rh5 Ra4 56. Kf3 Ra1 57. Kf4 Rf1+ 58. Ke4 Rf8 59. Rh6+
Kd7 60. Kd5 Rf5+ 61. Kd4 Ra5 62. Ke4 Ra4+ 63. Kf5 Ra5+ 64. Kf4 Ra4+ 65. e4 Ra1
66. Kf5 Rf1+ 67. Ke5 Ra1 68. Rh7+ Kd8 69. Kf5 Ra6 70. e5 Rb6 71. Ra7 Rh6 72.
Rf7 Ke8 73. Rf6 Rh1 74. Ra6 Rh5+ 75. Ke4 Rh1 76. Kd5 Re1 77. Ra8+ Kf7 78. Ra7+
Kg6 79. Ke6 Re2 80. Ra1 Kg7 81. Kd6 Rf2 82. Ke7 Rf7+ 83. Ke6 Rf2 84. Kd6 Kf7
85. Ra7+ Kg6 86. e6 Rd2+ 87. Ke7 Re2 88. Ra1 Rf2 89. Rg1+ Kf5 90. Ra1 Kg6 91.
Ke8 Kf6 92. e7 Re2 93. Kf8 Rh2 94. Rf1+ 1-0

[Event "DVM U20 2015"]
[Site "Osnabrück GER"]
[Date "2015.12.28"]
[Round "3"]
[White "Wenninger, Patrick"]
[Black "Quante, Lennart"]
[Result "1-0"]
[Termination "normal"]
[Board "4.2"]
[WhiteElo "1768"]
[BlackElo "2111"]
[WhiteTeam "Heilbronner SV"]
[BlackTeam "SK Münster 32"]
[PlyCount "135"]
[WhiteFideId "12927880"]
[BlackFideId "12979627"]
[EventCountry "GER"]
[EventRounds "7"]
[EventType "team-swiss"]
[EventDate "2015.12.26"]

1. d4 Nf6 2. Nf3 e6 3. g3 d5 4. Bg2 Be7 5. c4 O-O 6. O-O dxc4 7. Qc2 a6 8. Qxc4
b5 9. Qc2 Bb7 10. Nc3 Nbd7 11. Rd1 c5 12. Bg5 Qb6 13. Ne5 Bd6 14. Bxb7 Qxb7 15.
Nxd7 Nxd7 16. Ne4 Qc6 17. dxc5 Be5 18. Rac1 Rfc8 19. b4 a5 20. Nd6 Bxd6 21.
Rxd6 Qxd6 22. cxd6 Rxc2 23. Rxc2 f6 24. Bd2 axb4 25. Bxb4 Kf7 26. a3 e5 27. f4
exf4 28. gxf4 f5 29. Rc7 Ke6 30. e4 g6 31. e5 g5 32. fxg5 Rg8 33. h4 h6 34. Kf2
hxg5 35. hxg5 Rxg5 36. Rb7 Nxe5 37. Re7+ Kd5 38. d7 Nxd7 39. Rxd7+ Kc4 40. Rc7+
Kb3 41. Rc5 Ka4 42. Kf3 Rh5 43. Kf4 Rh4+ 44. Kg5 Rh8 45. Rxf5 Rg8+ 46. Kf4 Rh8
47. Ke5 Rh6 48. Kd5 Rh8 49. Bd6 Ka5 50. Rf7 Ka6 51. Rf4 Rc8 52. Rf6 Kb7 53. Bc5
Rd8+ 54. Ke4 Rb8 55. Kd4 Kc8 56. Kc3 Rb7 57. Kb4 Kc7 58. Ka5 Kc8 59. Ka6 Rh7
60. Rf8+ Kc7 61. Bb6+ Kd7 62. Rd8+ Kc6 63. Rc8+ Kd6 64. Kxb5 Rh5+ 65. Bc5+ Kd7
66. Rg8 Kc7 67. a4 Kb7 68. a5 1-0

[Event "DVM U20 2015"]
[Site "Osnabrück GER"]
[Date "2015.12.28"]
[Round "3"]
[White "Baumann, Stephan"]
[Black "Degenhard, Simon"]
[Result "1-0"]
[Termination "normal"]
[Board "4.3"]
[WhiteElo "2001"]
[BlackElo "1929"]
[WhiteTeam "SK Münster 32"]
[BlackTeam "Heilbronner SV"]
[PlyCount "39"]
[WhiteFideId "12990981"]
[BlackFideId "12944017"]
[EventCountry "GER"]
[EventRounds "7"]
[EventType "team-swiss"]
[EventDate "2015.12.26"]

1. e4 c5 2. Nc3 Nc6 3. Bb5 Nd4 4. Bc4 g6 5. Nf3 Bg7 6. Nxd4 cxd4 7. Qf3 e6 8.
Nb5 d6 9. Qa3 Be5 10. d3 d5 11. f4 Bb8 12. Bb3 Qb6 13. Qa4 Bd7 14. Qxd4 e5 15.
Qxb6 axb6 16. Nc3 dxe4 17. Nxe4 Bc6 18. O-O Ne7 19. fxe5 Nd5 20. Bxd5 1-0

[Event "DVM U20 2015"]
[Site "Osnabrück GER"]
[Date "2015.12.28"]
[Round "3"]
[White "Mikeler, Marcel"]
[Black "Austrup, David"]
[Result "0-1"]
[Termination "normal"]
[Board "4.4"]
[WhiteElo "1737"]
[BlackElo "1957"]
[WhiteTeam "Heilbronner SV"]
[BlackTeam "SK Münster 32"]
[PlyCount "130"]
[WhiteFideId "12927856"]
[BlackFideId "12996890"]
[EventCountry "GER"]
[EventRounds "7"]
[EventType "team-swiss"]
[EventDate "2015.12.26"]

1. d4 Nf6 2. Nf3 g6 3. c4 Bg7 4. Nc3 d6 5. e4 O-O 6. Be2 e5 7. O-O Nc6 8. d5
Ne7 9. b4 Nd7 10. a4 f5 11. Nd2 f4 12. Ba3 g5 13. c5 Nf6 14. Nc4 g4 15. b5 f3
16. Bd3 fxg2 17. Re1 Ne8 18. cxd6 Nxd6 19. Ra2 Ng6 20. Nxd6 cxd6 21. Bc1 Nh4
22. Be2 Qf6 23. Be3 Nf3+ 24. Bxf3 gxf3 25. Qd2 Qh4 26. Bg5 Qh5 27. Nd1 Bd7 28.
Ra3 Rf7 29. Rc3 Raf8 30. Qc1 Rf6 31. Bxf6 Rxf6 32. Rc8+ Bxc8 33. Qxc8+ Bf8 34.
h3 Rh6 35. Ne3 Qxh3 36. Qxh3 Rxh3 37. Nxg2 fxg2 38. Kxg2 Ra3 39. f3 Rxa4 40.
Rb1 Kf7 41. Rc1 Be7 42. Rc7 b6 43. Kg3 h5 44. Rb7 Rb4 45. Rxa7 Rxb5 46. Rb7 Rb1
47. Rb8 b5 48. Rh8 h4+ 49. Kf2 Rb2+ 50. Kf1 b4 51. Rh7+ Ke8 52. Rh8+ Kd7 53.
Rb8 b3 54. Rb7+ Ke8 55. Rb8+ Kf7 56. Kg1 h3 57. Kh1 Rb1+ 58. Kh2 b2 59. Rb7 Kf6
60. f4 exf4 61. e5+ Kxe5 62. Rxe7+ Kxd5 63. Rb7 f3 64. Rb3 f2 65. Rb5+ Ke6 0-1

[Event "DVM U20 2015"]
[Site "Osnabrück GER"]
[Date "2015.12.28"]
[Round "3"]
[White "Haberkamp, Carl"]
[Black "Wasielewski, Kim-Luca"]
[Result "1-0"]
[Termination "normal"]
[Board "4.5"]
[WhiteElo "1932"]
[BlackElo "1705"]
[WhiteTeam "SK Münster 32"]
[BlackTeam "Heilbronner SV"]
[PlyCount "85"]
[WhiteFideId "12959766"]
[BlackFideId "12979503"]
[EventCountry "GER"]
[EventRounds "7"]
[EventType "team-swiss"]
[EventDate "2015.12.26"]

1. d4 Nf6 2. c4 g6 3. Nc3 d5 4. cxd5 Nxd5 5. Bd2 Bg7 6. e4 Nb6 7. Be3 Nc6 8. d5
Ne5 9. Bd4 O-O 10. f4 Bg4 11. Be2 Bxe2 12. Qxe2 Nec4 13. Bxg7 Kxg7 14. Nf3 Qd6
15. b3 Qb4 16. O-O Nd6 17. Qd3 Kg8 18. Nd4 Nd7 19. a3 Nc5 20. axb4 Nxd3 21. b5
Rfd8 22. Rf3 Nc5 23. Re3 Kf8 24. g4 Ne8 25. e5 Ng7 26. f5 e6 27. b4 Nd7 28. f6
Ne8 29. dxe6 Kg8 30. exd7 Rxd7 31. Nb3 b6 32. Kf2 Rad8 33. Ke2 c6 34. bxc6 Rc7
35. b5 Rcc8 36. Rxa7 Nc7 37. Nd2 Ne6 38. Nc4 Nd4+ 39. Kf2 Nc2 40. Nd6 Nxe3 41.
Kxe3 Ra8 42. Rxa8 Rxa8 43. c7 1-0

[Event "DVM U20 2015"]
[Site "Osnabrück GER"]
[Date "2015.12.28"]
[Round "3"]
[White "Ignatov, Dmitriy"]
[Black "Altgelt, Max"]
[Result "1-0"]
[Termination "normal"]
[Board "4.6"]
[WhiteElo "1719"]
[BlackElo "1794"]
[WhiteTeam "Heilbronner SV"]
[BlackTeam "SK Münster 32"]
[PlyCount "119"]
[WhiteFideId "12927872"]
[BlackFideId "12938602"]
[EventCountry "GER"]
[EventRounds "7"]
[EventType "team-swiss"]
[EventDate "2015.12.26"]

1. e4 c5 2. Nc3 d6 3. g3 Nf6 4. Bg2 g6 5. d3 Bg7 6. h3 O-O 7. Be3 Nc6 8. Qd2
Bd7 9. Bh6 Nd4 10. Bxg7 Kxg7 11. f4 Bc6 12. Nce2 Qb6 13. c3 Ne6 14. Nf3 Rad8
15. c4 Nd4 16. O-O e5 17. f5 Bd7 18. g4 h5 19. Nfxd4 cxd4 20. Ng3 hxg4 21. hxg4
Rh8 22. Qg5 Nh7 23. Qd2 Rdf8 24. Rf3 Qd8 25. Qf2 g5 26. f6+ Nxf6 27. Nf5+ Bxf5
28. gxf5 Nd7 29. f6+ Nxf6 30. Rf1 Rh6 31. Rf5 Rg6 32. Qg3 Nd7 33. Qf2 f6 34.
Bf3 Nc5 35. Be2 a5 36. Qe1 Rh6 37. Qd2 Rfh8 38. Kf2 Rh2+ 39. Ke1 Rh1 40. Bf3
Rxf1+ 41. Kxf1 Ne6 42. b4 axb4 43. Qxb4 b6 44. Qb3 Nf4 45. Kg1 Rh3 46. Kf2 Qc7
47. Qb1 Qc5 48. Qg1 Kg6 49. Qg4 Qc7 50. Rxf4 Rh2+ 51. Kg3 exf4+ 52. Kxh2 Qa7
53. Qf5+ Kg7 54. Bh5 Qe7 55. Qg6+ Kh8 56. Kg2 Qe5 57. Kf3 b5 58. cxb5 d5 59.
Qe8+ Qxe8 60. Bxe8 1-0

[Event "DVM U20 2015"]
[Site "Osnabrück GER"]
[Date "2015.12.28"]
[Round "3"]
[White "Keller, Peter"]
[Black "Martin, Julian"]
[Result "1/2-1/2"]
[Termination "normal"]
[Board "5.1"]
[WhiteTitle "FM"]
[WhiteElo "2292"]
[BlackElo "2171"]
[WhiteTeam "Frankfurter TV 1860"]
[BlackTeam "OSG Baden-Baden"]
[PlyCount "133"]
[WhiteFideId "1272105"]
[BlackFideId "12941000"]
[EventCountry "GER"]
[EventRounds "7"]
[EventType "team-swiss"]
[EventDate "2015.12.26"]

1. e4 c5 2. Nf3 d6 3. Bb5+ Bd7 4. Bxd7+ Qxd7 5. c4 e5 6. Nc3 Ne7 7. d3 g6 8.
Bg5 Bg7 9. Bxe7 Qxe7 10. Nd5 Qd7 11. b4 cxb4 12. Nxb4 O-O 13. O-O Nc6 14. Qa4
f5 15. Rab1 Bh6 16. Rb3 Rfc8 17. Nxc6 Rxc6 18. exf5 gxf5 19. Rfb1 b6 20. Rb5
Qc7 21. Qd1 Qe7 22. g3 Rf8 23. Nh4 Qf6 24. d4 f4 25. dxe5 dxe5 26. Qd5+ Re6 27.
Rf1 fxg3 28. hxg3 Kh8 29. Qe4 Bg7 30. Kg2 Qf7 31. Rb3 Qc7 32. Rd3 Ref6 33. Nf3
Qc6 34. Re1 Qxe4 35. Rxe4 R6f7 36. Re2 Rc8 37. Re4 Rfc7 38. Nxe5 Bxe5 39. Rxe5
Rxc4 40. Re7 R4c7 41. Rd8+ Rxd8 42. Rxc7 a5 43. Rb7 a4 44. Rxb6 Rd2 45. a3 Ra2
46. Ra6 Rxa3 47. Ra7 Ra1 48. f4 a3 49. Kh3 a2 50. Kg4 h5+ 51. Kf5 Rg1 52. Rxa2
Rxg3 53. Rh2 Kg7 54. Rxh5 Ra3 55. Kg4 Ra6 56. Rb5 Kf6 57. Rb4 Kg6 58. Rb8 Kf6
59. Rh8 Kg7 60. Rh5 Kg6 61. f5+ Kg7 62. Kg5 Rb6 63. Rh3 Ra6 64. Rb3 Kf7 65.
Rb7+ Kf8 66. f6 Ra1 67. Kg6 1/2-1/2

[Event "DVM U20 2015"]
[Site "Osnabrück GER"]
[Date "2015.12.28"]
[Round "3"]
[White "Becker, Dirk"]
[Black "Diyap, Murat"]
[Result "1/2-1/2"]
[Termination "normal"]
[Board "5.2"]
[WhiteElo "2212"]
[BlackElo "2061"]
[WhiteTeam "OSG Baden-Baden"]
[BlackTeam "Frankfurter TV 1860"]
[PlyCount "61"]
[WhiteFideId "12938564"]
[BlackFideId "1272104"]
[EventCountry "GER"]
[EventRounds "7"]
[EventType "team-swiss"]
[EventDate "2015.12.26"]

1. e4 e6 2. d4 d5 3. exd5 exd5 4. Nf3 Nf6 5. Bg5 Be7 6. Bd3 Bg4 7. h3 Bh5 8.
O-O O-O 9. Nbd2 Nbd7 10. Re1 Re8 11. c4 dxc4 12. Bxc4 Nb6 13. Bb3 c6 14. Re5
Bg6 15. Qe2 Nfd5 16. Rd1 Kf8 17. Bxe7+ Rxe7 18. Nc4 f6 19. Rxe7 Qxe7 20. Qd2
Qb4 21. Nxb6 axb6 22. Qc1 Qd6 23. Nh4 Bf7 24. Bxd5 Qxd5 25. Qf4 g5 26. Qxf6
gxh4 27. Qh8+ Bg8 28. Qf6+ Bf7 29. Qh8+ Bg8 30. Qf6+ Bf7 31. Qh8+ 1/2-1/2

[Event "DVM U20 2015"]
[Site "Osnabrück GER"]
[Date "2015.12.28"]
[Round "3"]
[White "Medvedovski, Michael"]
[Black "Martin, Richard"]
[Result "1/2-1/2"]
[Termination "normal"]
[Board "5.3"]
[WhiteElo "1966"]
[BlackElo "2005"]
[WhiteTeam "Frankfurter TV 1860"]
[BlackTeam "OSG Baden-Baden"]
[PlyCount "87"]
[WhiteFideId "24600830"]
[BlackFideId "12925691"]
[EventCountry "GER"]
[EventRounds "7"]
[EventType "team-swiss"]
[EventDate "2015.12.26"]

1. e4 c5 2. Nf3 d6 3. d4 cxd4 4. Nxd4 Nf6 5. Nc3 a6 6. Be2 e5 7. Nb3 Be7 8. Be3
Be6 9. O-O O-O 10. f4 exf4 11. Rxf4 Nc6 12. Nd5 Bxd5 13. exd5 Ne5 14. Rb4 Qc7
15. a4 Nfd7 16. a5 Nc5 17. c3 Bf6 18. Qd2 Nxb3 19. Rxb3 Nd7 20. Rb4 Rfe8 21.
Rc4 Qd8 22. b4 Qe7 23. Kf2 Rac8 24. Rxc8 Rxc8 25. Rc1 Be5 26. Kg1 Re8 27. Bf3
Bxh2+ 28. Kxh2 Qxe3 29. Qxe3 Rxe3 30. c4 Re7 31. c5 dxc5 32. bxc5 Ne5 33. d6
Nxf3+ 34. gxf3 Rd7 35. c6 bxc6 36. Rxc6 g5 37. Kg3 Kg7 38. Rxa6 Kg6 39. Rb6 f6
40. f4 h6 41. a6 Kf5 42. fxg5 hxg5 43. Rc6 Ra7 44. Rb6 1/2-1/2

[Event "DVM U20 2015"]
[Site "Osnabrück GER"]
[Date "2015.12.28"]
[Round "3"]
[White "Steimbach, Isabel"]
[Black "Pham, Phuong-Bao"]
[Result "0-1"]
[Termination "normal"]
[Board "5.4"]
[WhiteElo "1974"]
[BlackElo "1829"]
[WhiteTeam "OSG Baden-Baden"]
[BlackTeam "Frankfurter TV 1860"]
[PlyCount "82"]
[WhiteFideId "24692174"]
[BlackFideId "12939196"]
[EventCountry "GER"]
[EventRounds "7"]
[EventType "team-swiss"]
[EventDate "2015.12.26"]

1. e4 c5 2. Nf3 Nc6 3. d4 cxd4 4. Nxd4 g6 5. Nc3 Bg7 6. Nb3 Bxc3+ 7. bxc3 Nf6
8. Bd3 O-O 9. Bh6 Re8 10. f4 d5 11. e5 Ng4 12. Bg5 Qb6 13. Qe2 Be6 14. h3 Ne3
15. g4 f6 16. Bh6 f5 17. gxf5 Bxf5 18. Kd2 Bxd3 19. cxd3 Nf5 20. Bg5 Ng3 21.
Qg2 Nxh1 22. Rxh1 d4 23. Qd5+ Kg7 24. f5 dxc3+ 25. Ke2 Qd8 26. Qe6 Rf8 27. f6+
exf6 28. Bxf6+ Rxf6 29. exf6+ Qxf6 30. Qxf6+ Kxf6 31. Nc5 Ke5 32. Ne4 Nd4+ 33.
Kd1 c2+ 34. Kd2 Rc8 35. Rc1 b5 36. Nf2 h5 37. Ne4 a5 38. Ng5 Rc7 39. Re1+ Kf5
40. h4 b4 41. Ne4 Nf3+ 0-1